000 00770nam a22002297a 4500
003 0
005 20241111155237.0
008 241111b xxu||||| |||| 00| 0 eng d
020 _a978-0-7460-6200-5
082 _aER
_bD665 2019
100 _aAmery, Heather
245 _aDolly and the train
_cHeather Amery, illustrated by Stephen Cartwright.
250 _a1st ed.
260 _aSaffron Hill, London :
_bUsborne Publishing Ltd,
_cc2019.
300 _a16 unnumbered pages :
_bcol. ill. ;
_c21 cm.
490 _a Usborne farmyard tales
650 _aChildren's stories Pictorial works
650 _aJuvenile works
650 _aApple Tree Farm (Imaginary place) Pictorial works Juvenile fiction
700 _aCartwright, Stephen,
_eillustrator.
942 _2ddc
_cBK
999 _c366673
_d366673